The design thinking quick start guide : (Record no. 4979)

000 -LEADER
fixed length control field 00740nam a2200229 a 4500
005 - DATE AND TIME OF LATEST TRANSACTION
control field 20230301114043.0
008 - FIXED-LENGTH DATA ELEMENTS--GENERAL INFORMATION
fixed length control field 230227t2020 nju||||| |||| 00| 0 eng d
020 ## - INTERNATIONAL STANDARD BOOK NUMBER
International Standard Book Number 9781119679899
040 ## - CATALOGING SOURCE
Original cataloging agency AKMAL
082 ## - DEWEY DECIMAL CLASSIFICATION NUMBER
Classification number 658.5752 ISA
090 ## - LOCALLY ASSIGNED LC-TYPE CALL NUMBER (OCLC); LOCAL CALL NUMBER (RLIN)
Classification number (OCLC) (R) ; Classification number, CALL (RLIN) (NR) 658.5752
Local cutter number (OCLC) ; Book number/undivided call number, CALL (RLIN) ISA
100 ## - MAIN ENTRY--PERSONAL NAME
Personal name Isabell Osann
9 (RLIN) 9534
245 ## - TITLE STATEMENT
Title The design thinking quick start guide :
Remainder of title a 6-step process for generating and implementing creative solutions /
Statement of responsibility, etc. Isabell Osann, Lena Mayer, Inga Wiele
260 ## - PUBLICATION, DISTRIBUTION, ETC.
Place of publication, distribution, etc. New Jersey :
Name of publisher, distributor, etc. John Wiley & Sons,
Date of publication, distribution, etc. 2020
300 ## - PHYSICAL DESCRIPTION
Extent 129p. :
Other physical details ill. ;
Dimensions 18cm
650 ## - SUBJECT ADDED ENTRY--TOPICAL TERM
Topical term or geographic name entry element Product design
9 (RLIN) 9535
650 ## - SUBJECT ADDED ENTRY--TOPICAL TERM
Topical term or geographic name entry element Creative thinking
650 ## - SUBJECT ADDED ENTRY--TOPICAL TERM
Topical term or geographic name entry element Brainstorming
9 (RLIN) 9536
700 ## - ADDED ENTRY--PERSONAL NAME
Personal name Lena Mayer
9 (RLIN) 9537
700 ## - ADDED ENTRY--PERSONAL NAME
Personal name Inga Wiele
9 (RLIN) 9538
942 ## - ADDED ENTRY ELEMENTS (KOHA)
Source of classification or shelving scheme
Koha item type Book
Holdings
Withdrawn status Lost status Source of classification or shelving scheme Damaged status Not for loan Collection code Home library Current library Shelving location Date acquired Inventory number Total Checkouts Full call number Barcode Date last seen Price effective from Koha item type
          NON-FICTION AKMAL Melaka AKMAL Melaka PINJAMAN 01.03.2023 011533   658.5752 ISA 201708197 01.03.2023 01.03.2023 Book
Pusat Sumber Maklumat Dato' Haji Sarmin Md Hussin, Akademi Kastam Diraja Malaysia, Melaka
Tel: 06-2331106 | Faks: 06-2313787